Statistics for Pelicans Leaders of the Last 10 Years

Click here to take the quiz!

General Stats

  • This quiz has been taken 3 times
  • The average score is 23 of 50

Answer Stats

Stat#Answer% Correct
Assists761Zion Williamson
100%
Blocks111Zion Williamson
100%
Points4542Zion Williamson
100%
Steals182Zion Williamson
100%
Rebounds1199Zion Williamson
100%
Rebounds3711Anthony Davis
67%
Blocks820Anthony Davis
67%
Steals475Anthony Davis
67%
Assists814Anthony Davis
67%
Points8798Anthony Davis
67%
Rebounds1569Brandon Ingram
67%
Points6617Brandon Ingram
67%
Steals219Brandon Ingram
67%
Blocks159Brandon Ingram
67%
Assists1487Brandon Ingram
67%
Blocks109Alexis Ajinca
33%
Points3521CJ McCollum
33%
Assists886CJ McCollum
33%
Steals166CJ McCollum
33%
Rebounds962Dante Cunningham
33%
Blocks114Dante Cunningham
33%
Blocks95DeMarcus Cousins
33%
Steals201E'Twaun Moore
33%
Points2821E'Twaun Moore
33%
Assists531E'Twaun Moore
33%
Steals338Herbert Jones
33%
Blocks164Herbert Jones
33%
Points2228Herbert Jones
33%
Blocks167Jaxson Hayes
33%
Rebounds963Jaxson Hayes
33%
Blocks180Jonas Valanciunas
33%
Rebounds2368Jonas Valanciunas
33%
Points3431Jonas Valanciunas
33%
Steals197Jose Alvarado
33%
Rebounds1120Josh Hart
33%
Blocks255Jrue Holiday
33%
Steals582Jrue Holiday
33%
Assists2565Jrue Holiday
33%
Points6834Jrue Holiday
33%
Rebounds1586Jrue Holiday
33%
Steals170Lonzo Ball
33%
Assists754Lonzo Ball
33%
Rebounds1362Omer Asik
33%
Assists533Rajon Rondo
33%
Points1957Ryan Anderson
33%
Assists661Tim Frazier
33%
Steals163Trey Murphy III
33%
Points2324Trey Murphy III
33%
Assists776Tyreke Evans
33%
Rebounds852Willy Hernangomez
33%

Score Distribution

Percentile by Number Answered

Percent of People with Each Score

Your Score History

You have not taken this quiz